Boletines ESICI (Escuela de Inteligencia y Contrainteligencia)

Bibliographic Details
Format: eBook
Language:Spanish
Published: Bogot ̀: Escuela de Inteligencia y Contrainteligencia, 2013 -
Subjects:
Online Access:Acceso restringido

MARC

LEADER 00000nam a22000007a 4500
005 20140129190758.0
007 cr|||| ||||
008 140129c20139999cp |||| s||||f0||| 1spa d
035 |a 11766 
040 |a vLex 
090 |c 4700  |d 4700 
245 0 0 |a Boletines ESICI (Escuela de Inteligencia y Contrainteligencia)  |h [Recurso electrn̤ico]  
256 |a Servicio en ln̕ea 
260 |a Bogot ̀:  |b Escuela de Inteligencia y Contrainteligencia,  |c 2013 - 
300 |a 1 recurso electrn̤ico 
310 |a Semanal 
506 1 |a Contenido disponible en los productos indicados  |d vLex Global  |d vLex Global (Academic Edition, excluding Law Schools)  |d vLex Global (U.S. Academic Edition, Law Schools)  |d vLex Global (U.S. Academic Edition, excluding Law Schools)  |d vLex Global (Academic Edition, Law Schools) 
650 0 4 |a Inteligencia militar  |z Colombia 
740 0 |a vLex Revistas (Servicio en ln̕ea) 
856 4 0 |u http://vlex.com/source/escuela-esici-11766  |z Acceso restringido 
942 |c REV 
999 0 |a Military intelligence